| 000 | 00471nam a2200181Ia 4500 | ||
|---|---|---|---|
| 005 | 20230914124301.0 | ||
| 008 | 131103s9999 xx 000 0 und d | ||
| 040 | _aLoreto College | ||
| 041 | _aEnglish | ||
| 082 |
_aF _bMAC |
||
| 100 | _aMacLean,Alistair | ||
| 245 |
_aSeawitch _cAlistair MacLean |
||
| 260 |
_aCalcutta/London _bRupa & Co. with arrangement with Collins _c1977 |
||
| 300 | _a221 p. | ||
| 650 | _aFiction in English | ||
| 850 | _aLCLIB | ||
| 942 | _cBK | ||
| 999 |
_c16107 _d66586 |
||